Capocannonieri del campionato mondiale di calcio - Morte improvvisa - Statistics

Statistiche generali
  • Questo quiz è stato fatto 520 volte
  • Il punteggio medio è 3 su 15
Answers on the Grid
Answers color-coded by a green-red scale on the quiz's grid according to % correct below.
Miroslav Klose
Ronaldo
Gerd Müller
Just Fontaine
Lionel Messi
Pelé
Kylian Mbappé
Sándor Kocsis
Jürgen Klinsmann
Helmut Rahn
Gary Lineker
Gabriel Batistuta
Teófilo Cubillas
Thomas Müller
Grzegorz Lato
Eusébio
Paolo Rossi
Roberto Baggio
David Villa
Harry Kane
Neymar
Cristiano Ronaldo
Diego Maradona
Luis Suárez
Davor Suker
James Rodríguez
Thierry Henry
Zinédine Zidane
Zico
Michel Platini
 
Statistiche sulle risposte
Risposta % Corretto
Pelé
39%
Miroslav Klose
38%
Kylian Mbappé
34%
Lionel Messi
32%
Ronaldo
32%
Gerd Müller
28%
Just Fontaine
23%
Thomas Müller
23%
Gabriel Batistuta
5%
Gary Lineker
5%
Grzegorz Lato
5%
Jürgen Klinsmann
3%
Sándor Kocsis
3%
Teófilo Cubillas
3%
Helmut Rahn
2%
Nessun quiz corrispondente trovato
Distribuzione punteggi
Percentuale di utenti per punteggio
Percentile per numero di risposta
I tuoi punteggi nel tempo
Non hai fatto questo quiz